Nain praan (Record no. 523952)
[ view plain ]
| 000 -LEADER | |
|---|---|
| fixed length control field | 00417nam a22001697a 4500 |
| 003 - CONTROL NUMBER IDENTIFIER | |
| control field | NUST |
| 038 ## - RECORD CONTENT LICENSOR | |
| Staff Name | Shaban |
| 082 ## - DEWEY DECIMAL CLASSIFICATION NUMBER | |
| Classification number | 891.42 |
| Author Mark | BAS |
| 100 ## - MAIN ENTRY--PERSONAL NAME | |
| Personal name | Bashir, Mudasir |
| 9 (RLIN) | 14779 |
| 245 ## - TITLE STATEMENT | |
| Title | Nain praan |
| Statement of responsibility, etc. | Mudasir Bashir |
| 260 ## - PUBLICATION, DISTRIBUTION, ETC. | |
| Place of publication, distribution, etc. | Lahore -: |
| Name of publisher, distributor, etc. | Suchet Kitab Ghar, |
| Date of publication, distribution, etc. | 2010. |
| 300 ## - PHYSICAL DESCRIPTION | |
| Extent | 204 p. - ; |
| 500 ## - GENERAL NOTE | |
| General note | P.B |
| 880 ## - ALTERNATE GRAPHIC REPRESENTATION | |
| Linkage | 100-02\r |
| Title | مدثر بشیر |
| 880 ## - ALTERNATE GRAPHIC REPRESENTATION | |
| Linkage | 245-02\r |
| Title | نین پران |
| 942 ## - ADDED ENTRY ELEMENTS (KOHA) | |
| Source of classification or shelving scheme | |
| Koha item type | Book |
| Withdrawn status | Lost status | Source of classification or shelving scheme | Damaged status | Not for loan | Permanent Location | Current Location | Date acquired | Total Checkouts | Full call number | Barcode | Date last seen | Price effective from | Koha item type |
|---|---|---|---|---|---|---|---|---|---|---|---|---|---|
| Central Library (CL) | Central Library (CL) | 06/12/2019 | 891.42 BAS | CL-E-1738 | 06/12/2019 | 06/12/2019 | Book |
